000 00290nam a2200121Ia 4500
008 240731s9999 xx 000 0 und d
022 _a1558-9188
245 0 _aPalynology
260 _bTaylor & Francis
856 _uhttps://www.tandfonline.com/loi/tpal20
942 _2ddc
942 _cTFEJ
999 _c78856
_d78856
945 _a1
_bMadushi Gamage
_c1
_dMadushi Gamage